| 000 | 00737nam a2200181 a 4500 | ||
|---|---|---|---|
| 008 | 120416s0000 ||||||||||||||||| || u | ||
| 020 | _a0471124966 | ||
| 050 | _aTK 5102.5 Zie | ||
| 100 | _aZiemer, Rodger E | ||
| 245 | 1 | 0 | _aPrinciples of communications |
| 246 | _asystems, modulation, and noise | ||
| 250 | _a4th ed | ||
| 260 |
_aNew York _bJohn Wiley and Sons _c1995 |
||
| 300 | _axii, 802p. : ill | ||
| 350 | _a0.00 | ||
| 995 |
_aBINDERY (DAMAGED) _D0.00 _e727631 _FCBU-MAIN LIBRARY (Kitwe) _H2 _I26.95 _jTK 5102.5 Zie _UDAMAGED _y025560 _ZMain Library Open Access Collection |
||
| 995 |
_aMAIN LIBRARY OPEN ACCESS _D0.00 _e736257 _FCBU-MAIN LIBRARY (Kitwe) _H1 _I26.95 _jTK 5102.5 Zie _M1 _UAVAILABLE _y025561 _ZMain Library Open Access Collection |
||
| 999 |
_c77300 _d77300 |
||